| 000 | 00631nam a2200205 4500 | ||
|---|---|---|---|
| 003 | OSt | ||
| 005 | 20240723072804.0 | ||
| 006 | a | ||
| 008 | 240723b |||||||| |||| 00| 0 eng d | ||
| 020 | _a9789719376477 | ||
| 040 |
_aDWCL-Main lib. _cOC |
||
| 082 |
_22010 edition _aFil. 370 L698 2010 |
||
| 100 | _aBenjamin Concepcion [etal.] | ||
| 245 | _aLicensure examination for teachers (LET) : reviewer (NCBTS oriented) / | ||
| 250 | _a2010 edition | ||
| 260 |
_aManila : _bMET Review Center, _cc2010. |
||
| 300 |
_b473 p. : ill. ; _c26 cm. |
||
| 650 | _a1. Education - Reviewer. | ||
| 942 |
_2ddc _n0 _cBK - FIL _e2010 edition _kFil. |
||
| 999 |
_c2612 _d2612 |
||